[Event "Madrid-chT 1617"]
[Site "Madrid"]
[Date "2017.02.19"]
[Round "10.33"]
[White "Rojo Huerta, Gabriel"]
[Black "Baigorri Navarro, Francisco Javier"]
[Result "1-0"]
[WhiteElo "2356"]
[BlackElo "2192"]
[PlyCount "59"]
[EventDate "2016.11.20"]
[EventType "team-tourn"]
[EventRounds "14"]
[EventCountry "ESP"]
[SourceTitle "EXT 2018"]
[Source "ChessBase"]
[SourceDate "2017.10.13"]
[SourceVersion "1"]
[SourceVersionDate "2017.10.13"]
[SourceQuality "1"]
[WhiteTeam "La Casa del Ajedrez"]
[BlackTeam "Pueblo Nuevo"]
[WhiteTeamCountry "ESP"]
[BlackTeamCountry "ESP"]

1. e4 e5 2. Nf3 Nf6 3. Nc3 Nc6 4. d4 Bb4 5. Nxe5 0-0 6. Qd3 Re8 7. Bd2 Nxe5 8. dxe5 Rxe5 9. 0-0-0 Re8 10. f3 a5 11. g4 Ra6 12. Qe3 Rd6 13. a3 Bxc3 14. Qxc3 b6 15. Bc4 Rc6 16. Qb3 Rf8 17. e5 Ne8 18. Bd5 Rg6 19. Bf4 Qh4 20. Kb1 b5 21. Be4 Rb6 22. Be3 Ra6 23. Qxb5 d6 24. Bb7 Rb6 25. Bxb6 Bxb7 26. Bf2 Qxf2 27. Qxb7 dxe5 28. Rd8 Qc5 29. Rhd1 Nd6 30. Qb8 1-0

[Event "Madrid-chT 1617"]
[Site "Madrid"]
[Date "2017.02.05"]
[Round "8.33"]
[White "Garrido Dominguez, Jesus"]
[Black "Baigorri Navarro, Francisco Javier"]
[Result "0-1"]
[WhiteElo "2395"]
[BlackElo "2192"]
[PlyCount "100"]
[EventDate "2016.11.20"]
[EventType "team-tourn"]
[EventRounds "14"]
[EventCountry "ESP"]
[SourceTitle "EXT 2018"]
[Source "ChessBase"]
[SourceDate "2017.10.13"]
[SourceVersion "1"]
[SourceVersionDate "2017.10.13"]
[SourceQuality "1"]
[WhiteTeam "64 Villalba"]
[BlackTeam "Pueblo Nuevo"]
[WhiteTeamCountry "ESP"]
[BlackTeamCountry "ESP"]

1. e4 e5 2. Nf3 Nf6 3. Nxe5 d6 4. Nc4 Nxe4 5. Qe2 Qe7 6. Ne3 c6 7. c4 g6 8. g3 Bg7 9. Bg2 0-0 10. 0-0 Nc5 11. Rd1 Ne6 12. Nc2 Re8 13. Re1 Bd7 14. Nc3 Qf8 15. Qf1 a5 16. b3 Na6 17. Ba3 Nd4 18. Ne3 Nb4 19. Rac1 f5 20. f4 Qf6 21. Bxb4 axb4 22. Na4 Qd8 23. c5 d5 24. Qd3 Be6 25. Nd1 Bf7 26. Nf2 Qa5 27. Qf1 Qb5 28. Nd3 Rxe1 29. Rxe1 Ne6 30. Ne5 Qxf1+ 31. Kxf1 Ra5 32. Nd3 Bd4 33. Rc1 Rb5 34. Bf3 g5 35. Be2 gxf4 36. gxf4 Bg7 37. Kf2 Nd4 38. Ke3 Nxe2 39. Kxe2 Bd4 40. Ne5 Bh5+ 41. Kd3 Bf2 42. Rf1 Bh4 43. Ke3 Kf8 44. Rg1 Be8 45. d4 Bd8 46. Rg2 Ra5 47. Nd3 Rb5 48. a3 Ba5 49. Ra2 bxa3 50. Rxa3 Bh5 0-1

[Event "Madrid-chT 1617"]
[Site "Madrid"]
[Date "2016.11.20"]
[Round "1.13"]
[White "Baigorri Navarro, Francisco Javier"]
[Black "Longa Yauca, Javier"]
[Result "0-1"]
[WhiteElo "2192"]
[BlackElo "2353"]
[PlyCount "42"]
[EventDate "2016.11.20"]
[EventType "team-tourn"]
[EventRounds "14"]
[EventCountry "ESP"]
[SourceTitle "EXT 2018"]
[Source "ChessBase"]
[SourceDate "2017.10.13"]
[SourceVersion "1"]
[SourceVersionDate "2017.10.13"]
[SourceQuality "1"]
[WhiteTeam "Pueblo Nuevo"]
[BlackTeam "64 Villalba"]
[WhiteTeamCountry "ESP"]
[BlackTeamCountry "ESP"]

1. Nf3 Nf6 2. c4 e6 3. g3 c5 4. Bg2 Nc6 5. 0-0 d6 6. Nc3 Be7 7. d4 cxd4 8. Nxd4 Bd7 9. e4 0-0 10. Be3 Qa5 11. Rc1 Rac8 12. Nb3 Qd8 13. f4 Ne8 14. c5 Na5 15. cxd6 Nxd6 16. e5 Nf5 17. Bxa7 Nc4 18. Qe2 b6 19. Rfd1 Qc7 20. Bb8 Rxb8 21. Ne4 b5 0-1